000 00470 a2200145 4500
001 ART_14660
005 20260410161913.0
008 260409a
245 1 0 _aAn econometric study of the variables determining inequality aversion among students
100 1 _aGevers, Louis
700 1 _aGlejser, Herbert
700 1 _aLambot, Ph.
700 1 _aMorales, Juan Antonio
773 0 _tEuropean economic review
_g- Vol. 10, NÂș 2 (nov. 1977)
_wREV13346
999 _c26970
_d26970